Las cooperativas de vivienda como una solución al déficit habitacional en Guatemala
Presenta de manera sencilla un modelo de proyecto para ser realizado por Cooprativa para financiar programas de vivienda básica en el país.
| Main Author: | |
|---|---|
| Other Authors: | |
| Format: | Tesis Section = Libro |
| Language: | Undetermined Spanish |
| Published: |
Guatemala
USAC-G
1980
|
| Subjects: |
| LEADER | 00820nam a2200217Ia 4500 | ||
|---|---|---|---|
| 008 | 240830s9999 xx 000 0 und d | ||
| 040 | |a BIBLIOTECA-RUSB/ Mon 728.67281 M537 | ||
| 041 | |a spa | ||
| 082 | |a Mon 728.67281 M537 | ||
| 100 | 1 | |a Méndez Carrillo, José Armando | |
| 245 | 1 | 0 | |a Las cooperativas de vivienda como una solución al déficit habitacional en Guatemala |
| 260 | |a Guatemala |b USAC-G |c 1980 | ||
| 300 | |a 95 p. :il. | ||
| 502 | |a Tesis (Arquitecto) - USAC-G, 1980. | ||
| 520 | 3 | |a Presenta de manera sencilla un modelo de proyecto para ser realizado por Cooprativa para financiar programas de vivienda básica en el país. | |
| 650 | 7 | |a VIVENDA RURAL - GUATEMALA | |
| 650 | 7 | |b VIVIENDAS HABOTACIONAL | |
| 700 | 1 | |a Tutor: |b Burbano Rodríguez, Robalo | |
| 942 | |c BK |2 ddc | ||
| 991 | |a TESIS | ||
| 999 | |c 21520 | ||